Datum a čas kvízu
33
Celkem bodů
Celkový počet nahraných bodů na tomto kvízu bez doplňovacích otázek.
7.
Pořadí na kvízu
Konečné umístění týmu na tomto kvízu.
Zaznamenané odpovědi
# | Otázka | Odpověď | Body | Výsledky |
---|---|---|---|---|
1. | Prezident Petr Pavel stanovil... | 3. a 4. října (2025) | 1 | |
2. | Minulý týden jsme byli informo... | Magna Charta (Libertatum) | 0 | |
3. | Který muž bude v příštích lete... | Jiří Bartoška | 1 | |
4. | Netradiční způsob přivítání zv... | Albánie | 0 | |
5. | Jak se jmenuje trenér, který p... | Luboš Loučka | 0 | |
6. | Podíváme se na pět reklam, z n... | sázení (sázková kancelář, hazard) | 1 | |
7. | Tento spot přijala veřejnost o... | fazole | 1 | |
8. | Spot je z roku 2014. Rada pro... | T-Mobile | 1 | |
9. | Tato televizní reklama na Fido... | B) hodí panenku na kapotu a posádku omráčí airbagy | 1 | |
10. | Režisér Jakub Kohák natočil te... | BESIP | 1 |